00658cam a22002051a 4500001001300000003000400013005001700017008004100034010001700075035001900092040002400111042001200135050002100147110005200168245003500220260010300255300005000358651002700408999001700435sa 68010195 DLC20260227112551.0800310s1966 pk af f000 0 eng  asa 68010195  a(OCoLC)6065356 aDLCcNOsUdTxUdDLC apremarc00aDS378b.A53 19661 aPakistan.bDepartment of Archaeology & Museums.10aCultural heritage of Pakistan. aKarachi :bDept. of Archaeology and Museums, Ministry of Education, Government of Pakistan,c1966. a84 p., lxxviii p. of plates :bill. ;c25 cm. 0aPakistanxAntiquities. c83364d83364